000 00341nam a2200133Ia 4500
008 240624s9999 xx 000 0 und d
041 _aeng
082 _a920 CHA
100 _aCHATTERJEE SAIBAL
245 _aECHOES AND ELOQUENCES THE LIFE AND CINEM
260 _c2007
_aNew Delhi
_bRupa and Company
300 _a280 : p.
365 _cRS
_b25
999 _c17577
_d17577